[Event "Winter Invitational"]
[Site "Chicago USA"]
[Date "2006.01.12"]
[Round "8"]
[White "Perelshteyn,E"]
[Black "Young,A PHI"]
[Result "0-1"]
[WhiteElo "2522"]
[BlackElo "2380"]

1.e4 d6 2.d4 Nf6 3.Nc3 c6 4.f4 Qa5 5.Bd3 d5 6.e5 Ne4 7.Bd2 Nxd2 8.Qxd2 Qb6
9.Nge2 g6 10.O-O Bh6 11.Na4 Qd8 12.b3 O-O 13.Qe1 f5 14.c4 dxc4 15.bxc4 Na6
16.Rd1 e6 17.d5 cxd5 18.cxd5 Bd7 19.Nac3 Qb6+ 20.Kh1 Rfc8 21.Bxa6 Qxa6 22.Rf3 Bf8
23.Qh4 Ba4 24.Rd4 Bb5 25.dxe6 Rc7 26.Rd8 Bxe2 27.Rxa8 Bxf3 28.Rxf8+ Kxf8
29.Qd8+ Kg7 30.Qxc7+ Kh6 31.Kg1 Bc6 32.Qd6 Qb6+ 33.Kf1 Qe3 34.Qf8+ Kh5 35.Qb4 Qd2
36.Qc4 Bxg2+ 37.Kg1 Bf3 38.Kf1 b5 39.Qc5 b4 40.Qxb4 Be2+ 41.Kf2 Bd3+ 42.Kg1 Qe1+
43.Kg2 Be4+ 44.Qxe4 fxe4 45.e7 Qd2+  0-1

[Event "4NCL 2005-06"]
[Site "Birmingham ENG"]
[Date "2006.01.14"]
[Round "5"]
[White "Jones,G"]
[Black "Collinson,A"]
[Result "1/2-1/2"]
[WhiteElo "2444"]
[BlackElo "2385"]

1.e4 d6 2.d4 Nf6 3.Nc3 e5 4.Nf3 Nbd7 5.Bc4 Be7 6.O-O O-O 7.Re1 c6 8.a4 b6
9.h3 a6 10.d5 c5 11.Qe2 Ne8 12.Rb1 g6 13.Bh6 Ng7 14.b4 f5 15.bxc5 bxc5 16.exf5 gxf5
17.Rb3 Bf6 18.Bd3 Rf7 19.Nd2 e4 20.Bc4 Ne5 21.Kh1 Ng6 22.Reb1 Bg5 23.Bxg5 Qxg5
24.Rb8 Rxb8 25.Rxb8 Rf8 26.Nb3 Nh4 27.g3 Nf3 28.Bxa6 Qh6 29.Kg2 Nh5 30.Qe3 Qxe3
31.fxe3 Bxa6 32.Rb6 Bc8 33.Rxd6 c4 34.Na5 Ne1+ 35.Kf2 Nxc2 36.Nxc4 Nb4 37.Nb2 Nf6
38.a5 Bb7 39.Rb6 Nbxd5 40.Rxb7 Nxc3 41.a6 Ra8 42.a7 Ne8 43.Rb8  1/2-1/2

[Event "TCh-FIN 2005-6"]
[Site "Joensuu FIN"]
[Date "2006.01.14"]
[Round "6"]
[White "Ristoja,J"]
[Black "Jouhki,Y"]
[Result "1/2-1/2"]
[WhiteElo "2310"]
[BlackElo "2307"]

1.e4 d6 2.d4 Nf6 3.Nc3 e5 4.dxe5 dxe5 5.Qxd8+ Kxd8 6.Bc4 Be6 7.Bxe6 fxe6
8.f3 Nc6 9.Be3 Bd6 10.Nge2 a6 11.O-O-O Ke7 12.Kb1 b5 13.b3 h6 14.Kb2 Rab8
15.a4 Nd7 16.Rd2 Rhd8 17.axb5 axb5 18.Ra1 Nc5 19.Rdd1 b4 20.Na4 Nxa4+ 21.Rxa4 Nd4
22.Nxd4 exd4 23.Bxd4 Bxh2 24.c3 bxc3+ 25.Kxc3 Be5 26.Kc2 Bxd4 27.Rdxd4 Rxd4
28.Rxd4 Rb5 29.Rc4 Kd7 30.Rd4+ Ke7 31.Rc4  1/2-1/2

[Event "Open"]
[Site "Zagreb CRO"]
[Date "2006.01.15"]
[Round "2"]
[White "Zufic,M"]
[Black "Matic,Z"]
[Result "1-0"]
[WhiteElo "2391"]
[BlackElo "2176"]

1.e4 d6 2.d4 Nf6 3.Nc3 e5 4.Nf3 Nbd7 5.Bc4 Be7 6.O-O O-O 7.a4 c6 8.Re1 a5
9.h3 exd4 10.Qxd4 Nc5 11.Bf4 Ne6 12.Bxe6 fxe6 13.e5 Nd5 14.exd6 Nxf4 15.dxe7 Qxe7
16.Re3 Bd7 17.Ne5 Rad8 18.Ne2 Bc8 19.Qe4 Qg5 20.Rg3 Qf5 21.Qxf4 Qxf4 22.Nxf4 Rxf4
23.Nd3 Rc4 24.c3 b6 25.Re3 Ba6 26.g3 g5 27.Ne5 Rc5 28.b3 Rd2 29.c4 Bc8 30.g4 Kg7
31.Nd3 Kf6 32.Rae1 Rxd3 33.Rxd3 b5 34.Rd8 Ba6 35.Ra8 bxc4 36.Rxa6 c3 37.Rc1 Ke5
38.Ra8 Kd4 39.Rd1+ Ke4 40.Kf1 c2 41.Rc1 Kd3 42.Rd8+ Rd5 43.Rc8 c5 44.Ra8 Kd2
45.Ra1 Kc3 46.Ke2 Kb2 47.Rf1 c1=Q 48.Rxc1 Kxc1 49.Rxa5 Kc2 50.Rb5 Rd2+ 51.Kf1 h6
52.Rxc5+ Kxb3 53.Rc6 Rd1+ 54.Kg2 Re1 55.a5 h5 56.gxh5  1-0

[Event "Winter Cup"]
[Site "Bucharest ROM"]
[Date "2006.01.17"]
[Round "4"]
[White "Sanduleac,V"]
[Black "Badea,B"]
[Result "1-0"]
[WhiteElo "2479"]
[BlackElo "2492"]

1.e4 d6 2.d4 Nf6 3.Nc3 e5 4.Nge2 c6 5.g3 Be7 6.Bg2 b5 7.O-O Bb7 8.h3 h5 9.Be3 Nbd7
10.a3 a6 11.Qd2 c5 12.dxe5 dxe5 13.Rad1 Qc7 14.Nd5 Nxd5 15.exd5 Bd6 16.c4 bxc4
17.Nc3 f5 18.Qe2 Nb6 19.Bg5 Kf7 20.a4 Rae8 21.Qf3 g6 22.a5 Nd7 23.Ne4 Kg7
24.Nxd6 Qxd6 25.Qc3 Rhf8 26.Qxc4 f4 27.Qc3 Kh7 28.Rfe1 Rf5 29.gxf4 Qf8 30.Be4 Rxf4
31.Bxf4 Qxf4 32.Qg3 Qf7 33.Bg2 Qf5 34.Re3 e4 35.Qc7 Bxd5 36.Bxe4 Rxe4 37.Rxe4  1-0

[Event "4th Parsvnath Open"]
[Site "New Delhi IND"]
[Date "2006.01.17"]
[Round "5"]
[White "Das,Ar"]
[Black "Vijayalakshmi,S"]
[Result "1/2-1/2"]
[WhiteElo "2402"]
[BlackElo "2479"]

1.e4 d6 2.d4 Nf6 3.Nc3 e5 4.dxe5 dxe5 5.Qxd8+ Kxd8 6.Bc4 Be6 7.Bxe6 fxe6
8.f3 Bc5 9.Bd2 Nc6 10.Nh3 Ke7 11.O-O-O Rhd8 12.Rhf1 Rd7 13.Nf2 Bxf2 14.Rxf2 Rad8
15.Re1 h6 16.Nd1 Ne8 17.Ne3 Nd6 18.h4 b6 19.h5 b5 20.Bc3 Ne8 21.Ng4  1/2-1/2

[Event "Open"]
[Site "Zagreb CRO"]
[Date "2006.01.17"]
[Round "4"]
[White "Martic,Z"]
[Black "Biti,O"]
[Result "0-1"]
[WhiteElo "2298"]
[BlackElo "2359"]

1.d4 d6 2.e4 Nf6 3.Nc3 e5 4.dxe5 dxe5 5.Qxd8+ Kxd8 6.Bc4 Ke8 7.Nf3 Bd6 8.h3 a6
9.Be3 Be6 10.Bxe6 fxe6 11.Ke2 Nc6 12.a3 Ke7 13.Rhd1 Rhd8 14.Ne1 b5 15.f3 Nh5
16.Kf2 h6 17.Nd3 Rf8 18.a4 b4 19.Ne2 Nf4 20.c4 bxc3 21.bxc3 Nxd3+ 22.Rxd3 Na5
23.Nc1 Rab8 24.Ra2 Rb1 25.Ke2 Nc4 26.Rd1 Rfb8 27.Bg1 R8b2+ 28.Rxb2 Nxb2 29.Nb3  0-1

[Event "2nd Bundesliga West 2005-6"]
[Site "Austria AUT"]
[Date "2006.01.20"]
[Round "6"]
[White "Lanka,Z"]
[Black "Bezold,M"]
[Result "0-1"]
[WhiteElo "2510"]
[BlackElo "2534"]

1.e4 d6 2.d4 Nf6 3.Nc3 e5 4.Nf3 Nbd7 5.Bc4 Be7 6.O-O O-O 7.Re1 c6 8.a4 a5
9.b3 Nb6 10.Bd3 Bg4 11.Be3 Nfd7 12.Be2 Re8 13.h3 Bxf3 14.Bxf3 Bg5 15.g3 Bxe3
16.fxe3 Nf6 17.Qd2 Qc7 18.Qg2 Nbd7 19.Kh1 Nf8 20.g4 h6 21.g5 hxg5 22.Qxg5 N6h7
23.Qg3 Re6 24.Rg1 Rg6 25.Qh2 Qe7 26.Bg4 Re8 27.Raf1 Nf6 28.Bf3 Rh6 29.Rg3 Ng6
30.Kg1 d5 31.exd5 exd4 32.Ne2 Qxe3+ 33.Qf2 Qxf2+ 34.Rxf2 c5 35.Bg2 Rd8 36.c3 Nxd5
37.cxd4 cxd4 38.Nxd4 Ndf4 39.Nf5 Rh5 40.Ne7+ Nxe7 41.Rxf4 Rd1+ 42.Rf1 Rd7
43.Be4 g6 44.Bd3 Kg7 45.Rf4 Re5 46.Kf2 Nc6 47.Bc4 Rd2+ 48.Kf1 f5 49.Rf2 Rd1+
50.Kg2 Kf6 51.Rd3 Rxd3 52.Bxd3 Re3 53.Bc4 Ne5 54.Bd5 Nd3 55.Rf1 Ke5 56.Bxb7 Nf4+
57.Kf2 Rxb3 58.Bc6 Nxh3+ 59.Ke2 Rc3 60.Be8 g5 61.Kd2 Rc5 62.Re1+ Kd6 63.Bf7 Nf4
64.Re8 Re5 65.Rg8 g4 66.Bc4 Re4 67.Bb5 Ne6 68.Bd3 Rf4 69.Bb5 Nc5 70.Ke3 Rf3+
71.Ke2 Ra3 72.Ra8 Nxa4 73.Bd3 Nc3+ 74.Kf1 Ke5  0-1

[Event "TCh-HUN 2005-6"]
[Site "Hungary HUN"]
[Date "2006.01.22"]
[Round "6"]
[White "Medvegy,Z"]
[Black "Szuk,B"]
[Result "1/2-1/2"]
[WhiteElo "2478"]
[BlackElo "2392"]

1.d4 d6 2.e4 Nf6 3.Nc3 e5 4.dxe5 dxe5 5.Qxd8+ Kxd8 6.Bc4 Ke8 7.f3 c6 8.Nge2 Nbd7
9.a4 Nc5 10.a5 Be6 11.Bxe6 Nxe6 12.Be3 Bc5 13.Nd1 Ke7 14.Nc1 Bxe3 15.Nxe3 g6
16.Nd3 Nd7 17.Nb4 Rac8 18.Kf2 Rhd8 19.Nd3 f6 20.Rhd1 Ndc5 21.Nxc5 Nxc5 22.b4 Ne6
23.c3 Rxd1 24.Rxd1 Rd8 25.Rxd8 Nxd8 26.Ke2 Nf7 27.Kd3 Nd6 28.c4 Ke6 29.Nd1 b6
30.Kc3 f5 31.exf5+ gxf5 32.Ne3 f4 33.Nc2 b5 34.Na3 a6 35.Kd3  1/2-1/2

[Event "Open"]
[Site "Zagreb CRO"]
[Date "2006.01.22"]
[Round "9"]
[White "Bender,I"]
[Black "Zaja,I"]
[Result "0-1"]
[WhiteElo "2296"]
[BlackElo "2466"]

1.d4 Nf6 2.Nc3 d6 3.e4 e5 4.Nf3 exd4 5.Nxd4 Be7 6.Be2 O-O 7.O-O a6 8.a4 c5
9.Nf3 Nc6 10.h3 Nb4 11.Bc4 b6 12.Re1 Bb7 13.Nd5 Nbxd5 14.Bxd5 Nxd5 15.exd5 Bf6
16.c4 b5 17.axb5 axb5 18.Rxa8 Qxa8 19.b3 bxc4 20.bxc4 Qa2 21.Bf4 Qxc4 22.Bxd6 Rc8
23.Qb1 Ba6 24.Qf5 Qb5 25.Be7 Re8 26.Bxf6 Rxe1+ 27.Nxe1 gxf6 28.Qxf6 Qf1+
29.Kh2 Qxe1 30.Qxa6 Qe5+ 31.f4 Qxd5 32.Qc8+ Kg7 33.f5 c4 34.g4 Qd2+ 35.Kg3 c3
36.Qc7 Qe3+ 37.Kh4 h6 38.Qc6 Qd4 39.Qc7 Qe3 40.Qc6 Qd2 41.Qc7 Qe1+ 42.Kh5 Qe3
43.Kh4 Qd4 44.Kg3 Kf6 45.Qc6+ Kg7 46.Qc7 Qe3+ 47.Kh4 h5 48.Qc6 Qe7+ 49.g5  0-1

[Event "GM"]
[Site "Marianske Lazne CZE"]
[Date "2006.01.23"]
[Round "3"]
[White "Popchev,M"]
[Black "Grigorjev,E"]
[Result "1/2-1/2"]
[WhiteElo "2432"]
[BlackElo "2276"]

1.d4 d6 2.e4 Nf6 3.Nc3 e5 4.Nge2 exd4 5.Nxd4 Be7 6.Be2 O-O 7.O-O Re8 8.Re1 a6
9.Bf1 Nc6 10.Nxc6 bxc6 11.Bg5 h6 12.Bh4 Nd7 13.Bg3 Bf6 14.Qd2 Bb7 15.Rad1 c5
16.f3 Be5 17.Ne2 Nb6 18.c3 Bxg3 19.Nxg3 Qf6 20.f4 Rad8 21.c4 Rd7 22.b3 Rde7
23.Bd3 g6 24.Rf1 Nd7 25.Bb1 Nf8 26.e5 dxe5 27.f5 Qg5 28.Qxg5 hxg5 29.Be4 Bc8
30.fxg6 Nxg6 31.Nh5 Nf4 32.Nf6+ Kg7 33.Nxe8+ Rxe8 34.g3 Ne2+ 35.Kg2 Nc3 36.Bc6 Nxd1
37.Rxd1 Re6 38.Rd8 Rxc6 39.Rxc8 g4 40.Re8 Kf6 41.Kf2 Rd6 42.Ke3 Rd1 43.Ra8 Re1+
44.Kf2 Rh1 45.Rxa6+ Kf5 46.Kg2 Rb1 47.h4 gxh3+ 48.Kxh3 Rh1+ 49.Kg2 Ra1 50.Ra5 Kg6
51.Kf2 f5 52.Ra8 Rc1 53.Rg8+ Kh5 54.Rh8+ Kg6 55.Rg8+ Kh5 56.Rh8+ Kg4 57.Rg8+ Kh5  1/2-1/2

[Event "Winter Open"]
[Site "Belgrade SCG"]
[Date "2006.01.24"]
[Round "4"]
[White "Milin,D"]
[Black "Starcevic,G"]
[Result "1-0"]
[WhiteElo "2093"]
[BlackElo "2179"]

1.e4 d6 2.d4 Nf6 3.Nc3 c6 4.f3 g6 5.Be3 Bg7 6.Qd2 Nbd7 7.Bh6 Bxh6 8.Qxh6 Qb6
9.O-O-O Qa5 10.Kb1 Nb6 11.Nh3 Be6 12.Nf4 Bc4 13.Nd3 O-O-O 14.Nc1 e5 15.Qg5 Nfd7
16.Nb3 Qa6 17.Qe3 Bxf1 18.Rhxf1 Nc4 19.Qf2 b5 20.f4 f6 21.Nd2 Ndb6 22.Nxc4 Nxc4
23.b3 Qa5 24.Qe1 Na3+ 25.Kb2 b4 26.Na4 Nb5 27.d5 c5 28.Qe2 Rd7 29.fxe5 fxe5
30.Qg4 Kc7 31.Rf6 Rhd8 32.Rdf1 Nc3 33.Nxc3 bxc3+ 34.Ka1 Qa3 35.Rb1 a5 36.Qe2 Kb6
37.Qc4 Qb4 38.Rf3 Kc7 39.Qxc3 Qxc3+ 40.Rxc3 Rf8 41.Rf3 Rxf3 42.gxf3 Rf7 43.Rf1 c4
44.Kb2 Kb6 45.Kc3 Kc5 46.a3 cxb3 47.cxb3 g5 48.Kd2 Kd4  1-0

[Event "Winter Cup"]
[Site "Bucharest ROM"]
[Date "2006.01.24"]
[Round "11"]
[White "Ardelean,G"]
[Black "Badea,B"]
[Result "1/2-1/2"]
[WhiteElo "2442"]
[BlackElo "2492"]

1.e4 d6 2.d4 Nf6 3.Nc3 e5 4.dxe5 dxe5 5.Qxd8+ Kxd8 6.Bc4 Ke8 7.Nf3 Bd6 8.Bg5 Nbd7
9.O-O-O a6 10.Rhe1 h6  1/2-1/2

[Event "Gibtelecom Masters"]
[Site "Gibraltar ENG"]
[Date "2006.01.24"]
[Round "1"]
[White "Walton,A"]
[Black "Shaw,J"]
[Result "1/2-1/2"]
[WhiteElo "2197"]
[BlackElo "2432"]

1.d4 d6 2.e4 Nf6 3.Nc3 Nbd7 4.Nf3 e5 5.Bd3 g6 6.Be3 c6 7.a4 Bg7 8.Qd2 O-O
9.h3 Re8 10.dxe5 Nxe5 11.Nxe5 dxe5 12.O-O Be6 13.Rfd1 Qc7 14.Qe2 Nh5 15.Bc4 Nf4
16.Qf1 Bc8 17.Ne2 Ne6 18.c3 b6 19.Ng3 a6 20.Qd3 Bf8 21.Qc2 Bb7 22.Rd2 b5
23.Bxe6 Rxe6 24.Rad1 Rd6 25.Rxd6 Bxd6 26.Qd2 Bf8 27.Qd7 Qxd7 28.Rxd7 Bc8
29.Rc7 bxa4 30.Rxc6 a3 31.bxa3 Bxa3 32.Bb6 Be6 33.Ba5 Be7 34.Ne2 Bd8 35.Bxd8 Rxd8
36.f4 Rd2 37.Kf2 exf4 38.Ke1 Ra2 39.Nxf4 Bb3 40.Nd5 Rxg2 41.Rxa6 Rg3 42.Kd2 Rxh3
43.Rb6 Bc4 44.Rb4 Bf1 45.c4 Rd3+ 46.Ke1 Bh3 47.c5 Kg7 48.c6 f5 49.Nf4 Rc3
50.Nxh3 Rxc6 51.exf5 gxf5 52.Rb7+  1/2-1/2

[Event "ch-Kyiv"]
[Site "Kyiv UKR"]
[Date "2006.01.24"]
[Round "1"]
[White "Kernazhitsky,L"]
[Black "Manilyk,A"]
[Result "1-0"]
[WhiteElo "2355"]
[BlackElo "2089"]

1.e4 d6 2.d4 Nf6 3.Nc3 c6 4.Nf3 Bg4 5.h3 Bxf3 6.Qxf3 e5 7.Be3 Nbd7 8.Bd3 Be7
9.O-O h6 10.Ne2 O-O 11.Ng3 Re8 12.c3 Bf8 13.Rfd1 g6 14.Qe2 h5 15.Bg5 Qc7
16.Qd2 Nh7 17.Be3 Nhf6 18.Bg5 Nh7 19.Bh6 Nhf6 20.Qg5 Nh7 21.Qe3 d5 22.Bxf8 dxe4
23.Nxe4 Rxf8 24.Qg3 Rae8 25.Bc4 Kh8 26.Bb3 Re7 27.Ng5 Kg7 28.Nf3 Qa5 29.d5 e4
30.Nd4 Re5 31.dxc6 Ndf6 32.cxb7 Rg5 33.b8=Q Rxb8 34.Qxb8 h4 35.Qf4 Qa6 36.Re1 Qb7
37.Re3 Rc5 38.Qxh4 Ng5 39.Rae1 Nh5 40.Rxe4 Qb8 41.Re7 Nf4 42.R1e3 a5 43.Bxf7  1-0

[Event "Gibtelecom Masters"]
[Site "Gibraltar ENG"]
[Date "2006.01.25"]
[Round "2"]
[White "Quillan,G"]
[Black "Suuronen,P"]
[Result "1-0"]
[WhiteElo "2356"]
[BlackElo "1931"]

1.e4 d6 2.d4 Nf6 3.Nc3 e5 4.Nf3 Nbd7 5.Bc4 Be7 6.O-O O-O 7.Re1 c6 8.a4 Qc7
9.h3 b6 10.b3 Bb7 11.d5 cxd5 12.exd5 a6 13.Be3 Nc5 14.Nd2 Bc8 15.f4 exf4
16.Bxf4 Re8 17.Nf3 Bb7 18.Nd4 Bf8 19.Qf3 Ncd7 20.Nf5 Rxe1+ 21.Rxe1 Re8 22.Rxe8 Nxe8
23.Qg3 Kh8 24.Ne4 b5 25.axb5 axb5 26.Bd3 Bxd5 27.Nexd6 Nxd6 28.Bxd6 Qc3 29.Bxf8 Nxf8
30.Qd6 Kg8 31.Ne7+ Kh8 32.Nxd5 Qe1+ 33.Kh2 h5 34.Qxf8+  1-0

[Event "Winter Open"]
[Site "Belgrade SCG"]
[Date "2006.01.26"]
[Round "6"]
[White "Vukmirovic,D"]
[Black "Starcevic,G"]
[Result "0-1"]
[WhiteElo "2079"]
[BlackElo "2179"]

1.e4 d6 2.d4 Nf6 3.Nc3 c6 4.f3 Nbd7 5.Be3 e5 6.d5 cxd5 7.Nxd5 Nxd5 8.Qxd5 Be7
9.Qd2 O-O 10.Bc4 Qc7 11.Bb3 a5 12.c3 a4 13.Bc2 Nb6 14.Bd3 Nc4 15.Bxc4 Qxc4
16.Ne2 Be6 17.O-O Rfd8 18.f4 Qxe4 19.f5 Bc4 20.f6 Bxf6 21.Rxf6 gxf6 22.Ng3 Qg6
23.Qf2 Kh8 24.Nf5 Be6 25.Ne7 Qg7 26.Qh4 Qf8 27.Qxf6+ Qg7 28.Bg5 h6 29.Qxh6+ Qxh6
30.Bxh6 Rd7 31.Bg5 Re8 32.Rd1 Rexe7 33.Bxe7 Rxe7 34.Rxd6 Bxa2 35.Kf2 Kg7
36.Ke3 f5 37.g3 Rf7 38.Rb6 Bd5 39.Rb5 f4+ 40.Kf2 fxg3+ 41.Kxg3 Rd7 42.Ra5 Bc6
43.Rxe5 Rd2 44.Rg5+ Kh6  0-1

[Event "IM"]
[Site "Marianske Lazne CZE"]
[Date "2006.01.26"]
[Round "7"]
[White "Weinwurm,W"]
[Black "Pribyl,Jo"]
[Result "1/2-1/2"]
[WhiteElo "2206"]
[BlackElo "2426"]

1.e4 d6 2.d4 Nf6 3.Nc3 e5 4.dxe5 dxe5 5.Qxd8+ Kxd8 6.Bg5 Bd6 7.O-O-O Nd7
8.Bc4 h6 9.Bh4 Rf8 10.f4 a6 11.Nf3 Ke8 12.Bxf6 gxf6 13.f5 Nb6 14.Bb3 Ke7
15.Rd3 Rg8 16.g3 Bd7 17.Bd5 Bb5 18.Bxb7 Ra7 19.Nxb5 axb5 20.Bc6 Rxa2 21.Kb1 Ra5
22.Nd2 b4 23.c4 bxc3 24.Rxc3 Bb4 25.Rc2 Rd8  1/2-1/2

[Event "ch-Kyiv"]
[Site "Kyiv UKR"]
[Date "2006.01.28"]
[Round "5"]
[White "Malienko,A"]
[Black "Manilyk,A"]
[Result "0-1"]
[WhiteElo "2223"]
[BlackElo "2089"]

1.e4 d6 2.d4 Nf6 3.Nc3 c6 4.f4 Qa5 5.Bd3 e5 6.dxe5 dxe5 7.f5 Nbd7 8.Qf3 b5
9.Bd2 Qc7 10.g4 h6 11.h4 Nc5 12.g5 hxg5 13.hxg5 Rxh1 14.Qxh1 Nxd3+ 15.cxd3 Nd7
16.O-O-O Ba6 17.Nce2 c5 18.Kb1 b4 19.Nc1 O-O-O 20.Nh3 Nb8 21.Nf2 Nc6 22.Be3 Nd4
23.Bxd4 exd4 24.Nb3 Bb5 25.Rc1 Qb6 26.e5 Kb8 27.Qf3 a5 28.Ne4 Rc8 29.Qg3 c4
30.Nd6 Bxd6 31.exd6 Ka8 32.dxc4 Rxc4 33.Re1 Bd7 34.Re7 Qc6 35.Qf4 Kb8 36.Re1 Qd5
37.Re5 Qh1+ 38.Nc1 Qd1 39.a4 Qc2+ 40.Ka1 Qxa4+ 41.Kb1 Qc2+ 42.Ka1 b3 43.Rb5+ Bxb5
44.d7+ Ka7 45.Qb8+ Kxb8 46.d8=Q+ Kb7  0-1

[Event "Bundesliga 2005-6"]
[Site "Kreuzberg GER"]
[Date "2006.01.29"]
[Round "9"]
[White "Schneider,Il"]
[Black "Miltner,A"]
[Result "1-0"]
[WhiteElo "2392"]
[BlackElo "2400"]

1.e4 d6 2.d4 Nf6 3.Nc3 e5 4.Nge2 Be7 5.g3 Nbd7 6.Bg2 O-O 7.O-O a6 8.a4 b6
9.h3 Bb7 10.Be3 c6 11.g4 b5 12.Ng3 d5 13.exd5 Nxd5 14.Nxd5 cxd5 15.dxe5 Nxe5
16.Nf5 Re8 17.Bd4 Bf8 18.Re1 Ng6 19.Rxe8 Qxe8 20.Qf3 Rc8 21.axb5 axb5 22.Ra7 Ba8
23.Qe3 b4 24.h4 Qxe3 25.fxe3 Re8 26.Bf1 Bc6 27.Rc7 Re6 28.Rc8 f6 29.Bg2 Kf7
30.Rxc6 Rxc6 31.Bxd5+ Re6 32.Ba7 Be7 33.h5 Nf8 34.Kf2 g6 35.hxg6+ hxg6 36.Nxe7 Kxe7
37.Bc5+ Ke8 38.Bxe6 Nxe6 39.Bxb4 f5 40.gxf5 gxf5 41.Ke2 Kd7 42.c4 f4 43.Bd2 fxe3
44.Bxe3 Kc6 45.Kd3  1-0

[Event "ch-Kyiv"]
[Site "Kyiv UKR"]
[Date "2006.01.29"]
[Round "7"]
[White "Malienko,A"]
[Black "Panchenko,AG"]
[Result "1/2-1/2"]
[WhiteElo "2223"]
[BlackElo "2393"]

1.e4 Nf6 2.Nc3 d6 3.d4 e5 4.Nf3 Nbd7 5.Bc4 Be7 6.h3 O-O 7.Be3 c6 8.Bb3 b5
9.a3 Bb7 10.O-O Qc7 11.Re1 a6 12.Qe2 Rae8 13.dxe5 dxe5 14.Rad1 Nc5 15.Ba2 Bc8
16.Bc1 Ne6 17.Nb1 Nh5 18.g3 Nf6 19.Kh2 Nc5 20.Nc3 a5 21.Nd2 Rd8 22.f3 Ne6
23.Nf1 Nd4 24.Qg2 Ba6 25.Ne3 b4 26.Nb1 Rb8 27.axb4 axb4 28.Nd2 Bb5 29.c3 bxc3
30.bxc3 Ne6 31.Ndc4 Nc5 32.Nf5 Ra8 33.Nxe5 Ba4 34.Rd4 Bb3 35.Bb1 Qxe5 36.Bf4 Qe6
37.Nxe7+ Qxe7 38.Bd6 Qa7 39.e5 Nfd7 40.Bxf8 Nxf8 41.f4 Bd5 42.Qc2 Rb8 43.f5 Qa1
44.Rb4 Re8 45.f6 Ncd7 46.Rg4 Ng6 47.Ra4 Qxa4 48.Qxa4 Ngxe5 49.Kg1 Nf3+ 50.Kf2 Nxe1
51.c4 Nb6 52.Qa7 Nxc4 53.Qd7 Rb8 54.Qg4 Rb2+ 55.Kxe1 Rxb1+ 56.Ke2 Rb2+ 57.Ke1  1/2-1/2

[Event "Gibtelecom Masters"]
[Site "Gibraltar ENG"]
[Date "2006.01.30"]
[Round "7"]
[White "Shirov,A"]
[Black "Klinova,M"]
[Result "1-0"]
[WhiteElo "2709"]
[BlackElo "2353"]

1.e4 d6 2.d4 Nf6 3.Nc3 e5 4.Nf3 Nbd7 5.g4 Nxg4 6.Rg1 Ngf6 7.Bc4 h6 8.Be3 c6
9.dxe5 dxe5 10.Qd3 Qc7 11.Bxf7+ Kxf7 12.Qc4+ Ke7 13.Nh4 Nb6 14.Ng6+ Ke8 15.Bxb6 axb6
16.Nxh8 g5 17.Ng6 Bc5 18.O-O-O  1-0

[Event "Gibtelecom Masters"]
[Site "Gibraltar ENG"]
[Date "2006.01.31"]
[Round "8"]
[White "Gonzalez Amaya,M"]
[Black "Suuronen,P"]
[Result "0-1"]
[WhiteElo "1892"]
[BlackElo "1931"]

1.e4 d6 2.d4 Nf6 3.Nc3 e5 4.Nf3 Nbd7 5.Bc4 Be7 6.Bxf7+ Kxf7 7.Ng5+ Kg8 8.Ne6 Qe8
9.Nxc7 Qg6 10.Nxa8 Qxg2 11.Rf1 exd4 12.Qxd4 Ne5 13.f4 Nfg4 14.Qd5+ Nf7 15.Ne2 Bh4+
16.Ng3 Nxh2 17.Qc4 Bxg3+  0-1

[Event "ch-Kyiv"]
[Site "Kyiv UKR"]
[Date "2006.01.31"]
[Round "9"]
[White "Kruglyakov,P"]
[Black "Manilyk,A"]
[Result "1-0"]
[WhiteElo "2238"]
[BlackElo "2089"]

1.e4 d6 2.d4 Nf6 3.Nc3 c6 4.a4 Nbd7 5.Nf3 e5 6.Bc4 Be7 7.O-O O-O 8.Re1 a5
9.b3 Qc7 10.Bb2 h6 11.h3 Re8 12.Qd2 Nf8 13.Rad1 b6 14.d5 cxd5 15.Nxd5 Nxd5
16.Bxd5 Bb7 17.Bxb7 Qxb7 18.Qe2 Ne6 19.Nd2 Nf4 20.Qf1 Bf8 21.Nc4 Re6 22.g3 Nh5
23.Rd5 Qc7 24.Rb5 Rb8 25.Qd3 Nf6 26.Ne3 Qc6 27.Nd5 Nd7 28.b4 Ra8 29.bxa5 Nc5
30.Qc4 Rxa5 31.Nxb6 Ra7 32.Ba3 Qe8 33.Bxc5 dxc5 34.Ra1 Qd8 35.Nd5 Rea6 36.Qb3 Bd6
37.Rb7 Qc8 38.Rxa7 Rxa7 39.a5 c4 40.Qb5 Rb7 41.Nb6 Qb8 42.Qxc4 Bc7 43.a6 Bxb6
44.axb7 Qxb7 45.Qd5 Qc7 46.c4 Bd4 47.Ra8+ Kh7 48.Kg2 h5 49.h4 Qe7 50.Ra2 Kg6
51.Rd2 Bc5 52.Qc6+ Kh7 53.Rd7 Qe6 54.Qxe6  1-0

[Event "Open"]
[Site "Moscow RUS"]
[Date "2006.01.31"]
[Round "3"]
[White "Maslak,K"]
[Black "Nechepurenko,R"]
[Result "1-0"]
[WhiteElo "2529"]
[BlackElo "2430"]

1.e4 d6 2.d4 Nf6 3.Nc3 e5 4.dxe5 dxe5 5.Qxd8+ Kxd8 6.Bg5 Be6 7.O-O-O+ Nd7
8.f4 exf4 9.Nf3 Kc8 10.Bxf4 Ng4 11.Nb5 Nf2 12.Nxc7 Nxh1 13.Nxa8 Nf2 14.Rd4 Bc5
15.Ra4 Rd8 16.Nd2 g5 17.Bc7 Rg8 18.Ra5 Ng4 19.Nc4 Ne3 20.Rxc5 Nxc5 21.Nxe3 Kd7
22.Bb5+ Ke7 23.e5 Ne4 24.Bd3 f5 25.Bxe4 fxe4 26.Bd6+ Kd7 27.Nc7 Rc8 28.Nxe6 Kxe6
29.c4 h5 30.Kd2 Rd8 31.b4 a6 32.Nc2 Rc8 33.Nd4+  1-0

[Event "11th HIT Open A"]
[Site "Nova Gorica SLO"]
[Date "2006.01.31"]
[Round "8"]
[White "Cherin,D"]
[Black "Srebrnic,A"]
[Result "1-0"]
[WhiteElo "2301"]
[BlackElo "2291"]

1.e4 d6 2.d4 Nf6 3.Nc3 e5 4.f4 Nbd7 5.Nf3 exd4 6.Qxd4 Be7 7.Bd2 O-O 8.O-O-O c5
9.Qf2 b5 10.Bxb5 Rb8 11.e5 dxe5 12.fxe5 Ne4 13.Nxe4 Rxb5 14.Bc3 Qb6 15.Nd6 Bxd6
16.Rxd6 Qc7 17.Qg3 Nb8 18.Qf4 Rb7 19.Ng5 Qe7 20.Ne4 Nd7 21.Nf6+ Nxf6 22.exf6 Qe2
23.Re1 Qg4 24.Qxg4 Bxg4 25.Re7 Rb6 26.Rxb6 axb6 27.fxg7 Rd8 28.b3 Be6 29.Bf6 Rb8
30.c4 Bf5 31.g3 h5 32.Be5 Ra8 33.Rb7 Kh7 34.Rxb6 Be6 35.a4 Rd8 36.Rb8 Rxb8
37.Bxb8 Kxg7 38.Bd6  1-0

[Event "Gibtelecom Masters"]
[Site "Gibraltar ENG"]
[Date "2006.02.01"]
[Round "9"]
[White "Pavlovic,Milo"]
[Black "Klinova,M"]
[Result "1-0"]
[WhiteElo "2494"]
[BlackElo "2353"]

1.e4 d6 2.d4 Nf6 3.Nc3 e5 4.Nf3 exd4 5.Qxd4 Nc6 6.Bb5 Be7 7.e5 Ng4 8.Bxc6+ bxc6
9.Bf4 O-O 10.O-O-O dxe5 11.Bxe5 Qxd4 12.Bxd4 c5 13.Nd5 Bd6 14.Be3 Nxe3 15.fxe3 Bb7
16.Kb1 Rfe8 17.Rhe1 Re6  1-0

[Event "Gibtelecom Masters"]
[Site "Gibraltar ENG"]
[Date "2006.02.02"]
[Round "10"]
[White "Hamer,M"]
[Black "Rautanen,S"]
[Result "1-0"]
[WhiteElo "2000"]
[BlackElo "1929"]

1.e4 d6 2.d4 Nf6 3.Nc3 e5 4.Nf3 Nbd7 5.Bc4 Be7 6.O-O O-O 7.a4 c6 8.a5 a6
9.Qe2 exd4 10.Nxd4 Ne5 11.Bb3 c5 12.Nf5 Bxf5 13.exf5 Nc6 14.Nd5 Nxd5 15.Bxd5 Qd7
16.Bxc6 bxc6 17.Qf3 d5 18.b3 Bf6 19.Ra4 Rfe8 20.g4 Qe7 21.Qg3 Qe2 22.g5 Be5
23.Bf4 Bxf4 24.Rxf4 Re4 25.Rf3 Rae8 26.f6 Qd2 27.Kg2 Kh8 28.fxg7+ Kxg7 29.Rg1 Re1
30.Rxe1 Qxe1 31.Qf4 Qe6 32.h4 Qg6 33.Qf6+ Qxf6 34.Rxf6 Re6 35.Rxe6 fxe6 36.h5 e5
37.f3 Kf7 38.Kg3 Ke6 39.Kg4 e4 40.fxe4 dxe4 41.Kf4 e3 42.Kxe3 Kf5 43.g6 hxg6
44.hxg6 Kxg6 45.Kd3  1-0

[Event "65th ch-GEO"]
[Site "Tbilisi GEO"]
[Date "2006.02.02"]
[Round "10"]
[White "Sanikidze,T"]
[Black "Gelashvili,T"]
[Result "1/2-1/2"]
[WhiteElo "2425"]
[BlackElo "2575"]

1.e4 d6 2.d4 Nf6 3.Nc3 Nbd7 4.f4 e5 5.Nf3 exd4 6.Qxd4 c6 7.Bd2 Qb6 8.O-O-O Qxd4
9.Nxd4 Nc5 10.Re1 Ne6 11.Nxe6 Bxe6 12.b3 h5 13.Bd3 O-O-O 14.Rhf1 Be7 15.f5 Bd7
16.Bc4 Be8 17.e5 dxe5 18.Rxe5 Bd6 19.Re2 b5 20.Bd3 Bd7 21.Bf4 Bxf4+ 22.Rxf4 Rde8
23.Ne4 Nxe4 24.Rexe4 Rxe4 25.Rxe4 Kd8 26.Kd2 Rh6 27.b4 Rd6 28.Re5 f6 29.Rc5 h4
30.Ke3 Be8 31.a4 bxa4 32.Ra5 Rd7 33.Rxa4 Re7+ 34.Kd2 Rb7 35.Ra6 Rxb4 36.Rxa7 Bd7
37.Ra8+ Ke7 38.Ke3 c5 39.Rh8 Bc6 40.c4 Bxg2 41.Rxh4 Rb3 42.Kd2 Rb2+ 43.Ke3 Rb3
44.Kd2 Bc6 45.Rh7 Kf7 46.Rh8 Be8 47.Be2 Bd7 48.Bh5+ Ke7 49.Bg4 Rb2+ 50.Ke3 Rb3+
51.Kd2 Rb6 52.Rg8 Kf7 53.Ra8 Rb2+ 54.Ke3 Rc2 55.Rd8 Ke7 56.Rg8 Rc3+ 57.Kd2 Rxc4
58.Rxg7+ Kd6 59.Rf7 Rd4+ 60.Ke3 Ke5 61.Re7+ Kd6 62.Rf7 Ke5  1/2-1/2

[Event "ch-Serbia"]
[Site "Vrnjacka Banja SCG"]
[Date "2006.02.02"]
[Round "5"]
[White "Bojovic,D"]
[Black "Ristic,Neb2"]
[Result "0-1"]
[WhiteElo "2116"]
[BlackElo "2266"]

1.e4 d6 2.d4 Nf6 3.Nc3 e5 4.dxe5 dxe5 5.Qxd8+ Kxd8 6.Bg5 Be6 7.O-O-O+ Nd7
8.Nf3 Bd6 9.Bxf6+ gxf6 10.Nh4 Bc5 11.f3 c6 12.Nf5 b5 13.g4 Kc7 14.Ne2 Nb6
15.Neg3 a5 16.Kb1 b4 17.b3 a4 18.Bd3 Ra5 19.h4 Rha8 20.Kc1 axb3 21.axb3 Ra2
22.h5 Bf2 23.Nf1 Bxf5 24.gxf5 R8a3 25.Kd2 Rxb3 26.Ke2 Bd4 27.Nd2 Rbb2 28.Rb1 Rxb1
29.Rxb1 c5 30.Kd1 Ra8 31.Ke2 Rg8 32.Rh1 Rg2+ 33.Kd1 Be3 34.Nf1 Bf4 35.Bb5 c4
36.Rh4 b3  0-1

[Event "ch-Serbia"]
[Site "Vrnjacka Banja SCG"]
[Date "2006.02.02"]
[Round "6"]
[White "Misailovic,N"]
[Black "Tadic,B"]
[Result "0-1"]
[WhiteElo "2342"]
[BlackElo "2491"]

1.e4 d6 2.d4 Nf6 3.Nc3 e5 4.dxe5 dxe5 5.Qxd8+ Kxd8 6.Bc4 Ke8 7.Nf3 Bd6 8.O-O c6
9.Bg5 Nbd7 10.Bh4 h6 11.Rad1 Bc7 12.Rd2 Ke7 13.Bg3 Nh5 14.Bh4+ f6 15.Nd1 g5
16.Bg3 b5 17.Bd3 Bb6 18.Re1 Rd8 19.Kf1 a5 20.Ng1 Nc5 21.f3 Nxg3+ 22.hxg3 Be6
23.a3 Nxd3 24.cxd3 Rxd3 25.Rxd3 Bc4 26.Nf2 Rd8 27.Rd1 Bxf2 28.Kxf2 Rxd3 29.Rxd3 Bxd3
30.g4 Kd6 31.Ke3 Bf1 32.g3 Kc5 33.b3 a4 34.bxa4 bxa4 35.f4 Bg2 36.Ne2 Kc4
37.fxe5 fxe5 38.Nc1 Bf1 39.Kd2 Kd4 40.Na2 Bc4 41.Nb4 Bb5 42.Nc2+ Kxe4 43.Ne3 Kf3
44.Nf5 e4 45.Nd4+ Kf2 46.Nf5 Be2 47.Kc3 Bxg4 48.Nxh6 Be6  0-1